| 000 | 00450nam a2200181Ia 4500 | ||
|---|---|---|---|
| 008 | 151213s9999 xx 000 0 und d | ||
| 020 | _a978-8177-58-554-4 | ||
| 082 |
_a658.15 _b658.15 |
||
| 100 | _aLawrence J.Gitman | ||
| 245 |
_aManagerial Finance _cLawrence J.Gitman |
||
| 250 | _a11th | ||
| 260 |
_aNew Delhi _bPearson _c2006 |
||
| 300 | _a11030 p. | ||
| 650 | _aFinance | ||
| 650 | _aFinance | ||
| 700 | _aLawrence J.Gitman | ||
| 999 |
_c4969 _d4969 |
||